عرض عادي عرض مارك
  • Brown, John M.

مدخل إسم شخص

عدد التسجيلات المستخدمة في: 1

001 - رقم الضبط

  • حقل الضبط: 38690

003 - معرف رقم الضبط

  • حقل الضبط: OSt

005 - تاريخ ووقت أخر عملية

  • حقل الضبط: 20131030190149.0

008 - عناصر بيانات ثابتة الطول

  • حقل تحكم ثابت الطول: 131030|||a|||||| | ||| d

040 ## - مصدر الفهرسة

  • هيئة الفهرسة الأصلية: OSt
  • وكالة الكتابة: OSt

100 ## - مدخل -- أسم شخص

  • إسم شخص: Brown, John M.
  • الشكل الكامل للاسم: (John Michael),
  • تواريخ مرتبطة بالاسم: 1944-

670 ## - بيانات المصدر موجوده

  • الاستشهاد بالمصدر: Work cat.: (OSt)0: Carr, Joseph J. 38689, Introduction to biomedical equipment technology /, c2001.